000 00676nas a2200229 4500
001 BR4200186
003 BR-BrBNA
005 20231205081822.0
007 ta
008 230509b bl.|||p| |||| 00| 00por d
040 _aBR-BrBNA
_bpor
_cBiblioteca Nacional de Agricultura
041 _a(Pt)
072 _aF60
100 1 _aCruz, A.
245 1 _aContribuicao ao estudo farmacologico da Ruta graveolens (Arruda)
650 _aARRUDA
650 _aBOTANICA
650 _aFARMACOLOGIA
773 0 _tArquivos de Cirurgia Clinica e Experimental (Brazil)
_x
_g(Oct 1942), v. 6(5-6) p. 1190-1201
_wBR4200186
909 _a202311
_bLúcia
_c55
_dLúcia Elande
942 _2AGRIS
_n0
_cANA
999 _c87084
_d87084